2000's Singers by Picture - Statistics

General Stats
  • This quiz has been taken 2,061 times
  • The average score is 19 of 40
Answer Stats
Picture Answer % Correct
Eminem
92%
Justin Timberlake
92%
Shakira
90%
Jay Z
87%
Pink
86%
Kanye West
85%
Beyoncé
84%
Britney Spears
83%
Jennifer Lopez
83%
Usher
78%
Amy Winehouse
76%
50 Cent
69%
Avril Lavigne
69%
Christina Aguilera
69%
Kelly Clarkson
60%
Alicia Keys
58%
Fergie
57%
Chris Brown
56%
Gwen Stefani
55%
Ludacris
43%
Enrique Iglesias
36%
Kelly Rowland
35%
Akon
34%
James Blunt
32%
Timbaland
31%
Carrie Underwood
28%
Nelly
28%
Nelly Furtado
28%
Ne-Yo
28%
Sean Paul
27%
Leona Lewis
26%
Mary J. Blige
26%
Missy Elliott
22%
T.I.
18%
M.I.A.
17%
Ciara
15%
Shaggy
13%
Ashanti
12%
Eve
12%
Natasha Bedingfield
9%
No matching quizzes found
Score Distribution
Percent of People with Each Score
Percentile by Number Answered
Your Score History
You have not taken this quiz